000 00344nam a22001457a 4500
008 230414b ||||| |||| 00| 0 eng d
020 _a9789004323926
041 _aeng
080 _2VOLUME8
_a32
082 _a32BLA
100 _a28
101 _aHISTOR
245 _aSOCIAL WELFARE RESPONSES IN A NEOLIBERAL ERA
_cBLAD .C
942 _2udc
_cBK
999 _c59565
_d59565